| 000 | 00971nam a22002537a 4500 | ||
|---|---|---|---|
| 003 | DO-SdBNP | ||
| 005 | 20220215094252.0 | ||
| 007 | ta | ||
| 008 | 220204b2019 dr ||||| |||| 00| 0 spa d | ||
| 020 | _a9789945915396 | ||
| 040 |
_aDO-SdBNP _bspa _cBNPHU |
||
| 082 | 4 |
_bR175h _222 |
|
| 100 | 1 |
_aRamos, Rahadames, _d1960- _981129 |
|
| 245 | 1 | 0 |
_aHacer un pelotero : _bun negocio millonario pero con muchos riesgos / _cRahadamés Ramos ; prólogo Jacinto Díaz. |
| 246 | 1 | 0 | _aEl reléase, una estrella que se apaga, el sueño que no pudo ser. |
| 260 |
_aSanto Domingo : _bSantuario, _c2019. |
||
| 300 |
_a69 p. ; _c22 cm.. |
||
| 500 | _aIncluye datos biográficos del autor en la contracubierta. | ||
| 505 | 0 |
_aAgradecimientos -- _tDedicatoria -- _tPrólogo -- _tIntroducción -- _tPresentación -- _tHacer un pelotero -- _tEl reléase . |
|
| 590 | _aInventariado, 2022 /LP | ||
| 700 | 1 |
_aDíaz, Jacinto, _epról. _981130 |
|
| 910 | _aLopérez. | ||
| 942 |
_2ddc _cLBS1 |
||
| 999 |
_c51332 _d51332 |
||